Real estate market analysis : (Record no. 3690)
[ view plain ]
| 000 -LEADER | |
|---|---|
| fixed length control field | 00540cam a22001694a 4500 |
| 005 - DATE AND TIME OF LATEST TRANSACTION | |
| control field | 20250901165423.0 |
| 008 - FIXED-LENGTH DATA ELEMENTS--GENERAL INFORMATION | |
| fixed length control field | 010420s2001 dcua b 001 0 eng |
| 010 ## - LIBRARY OF CONGRESS CONTROL NUMBER | |
| LC control number | 2001090212 |
| 020 ## - INTERNATIONAL STANDARD BOOK NUMBER | |
| International Standard Book Number | 0874208688 |
| 050 00 - LIBRARY OF CONGRESS CALL NUMBER | |
| Classification number | HD255 .S36 2001 |
| Item number | .S36 2001 |
| 082 00 - DEWEY DECIMAL CLASSIFICATION NUMBER | |
| Classification number | 333.33/0973 |
| Edition information | 22 |
| 100 1# - MAIN ENTRY--PERSONAL NAME | |
| Personal name | Schmitz, Adrienne. |
| 245 10 - TITLE STATEMENT | |
| Title | Real estate market analysis : |
| Remainder of title | a case study approach / |
| Statement of responsibility, etc. | Adrienne Schmitz, Deborah L. Brett. |
| 260 ## - PUBLICATION, DISTRIBUTION, ETC. | |
| Place of publication, distribution, etc. | Washington, D.C. : |
| Name of publisher, distributor, etc. | Urban Land Institute, |
| Date of publication, distribution, etc. | c2001. |
| 300 ## - PHYSICAL DESCRIPTION | |
| Extent | xi, 243 p. : |
| Other physical details | ill. ; |
| Dimensions | 26 cm. |
| 942 ## - ADDED ENTRY ELEMENTS (KOHA) | |
| Source of classification or shelving scheme | Dewey Decimal Classification |
| Withdrawn status | Lost status | Source of classification or shelving scheme | Damaged status | Not for loan | Home library | Current library | Shelving location | Date acquired | Total checkouts | Full call number | Barcode | Date last seen | Price effective from | Koha item type |
|---|---|---|---|---|---|---|---|---|---|---|---|---|---|---|
| Library of Congress Classification | Main Library | Main Library | 03/26/2021 | HD255 .S36 2001 | PIU0002654 | 03/26/2021 | 03/26/2021 | Books | ||||||
| Library of Congress Classification | Main Library | Main Library | 03/26/2021 | HD255 .S36 2001 | PIU0002655 | 03/26/2021 | 03/26/2021 | Books | ||||||
| Library of Congress Classification | Main Library | Main Library | 03/26/2021 | HD255 .S36 2001 | PIU0002578 | 03/26/2021 | 03/26/2021 | Books |